Rainbow Six Siege 68+1 - Statistics

General Stats
  • This quiz has been taken 1,015 times
  • The average score is 8 of 15
Answer Stats
Hint Answer % Correct
The R4-C is used by which operator? Ash
94%
what armour rating does twitch have from 1(being the lowest) to 3? 2
88%
How many levels all together are there on the map hereford? 5
82%
Which special Force uses desert eagles? Navy seal
76%
Which operator uses the 416-C Carbine? Jager
74%
Where is the map clubhouse based? Germany
67%
How long do you have to secure the area for, in order for you to win? 10
63%
Once the bomb has been planted how long does it take for it blow? 45
61%
What is the name of the special forces in Germany? GSG 9
55%
What was the name of the second dlc released? Dust line
47%
What fire rate does the vector .45 have? 1200
37%
What is the operator smoke first name? James
19%
Which flag is hung up inside of the kids bedroom, above the bed in the map house? Pirate
19%
What was the release date of Rainbow Six Siege? December 1 2015
11%
How much damage deos the OTs-03 have? 152
4%
No matching quizzes found
Score Distribution
Percent of People with Each Score
Percentile by Number Answered
Your Score History
You have not taken this quiz